Operational Amplifiers And Linear Integrated Circuits (Record no. 292913)
[ view plain ]
| 000 -LEADER | |
|---|---|
| fixed length control field | 00503nam a2200181Ia 4500 |
| 008 - FIXED-LENGTH DATA ELEMENTS--GENERAL INFORMATION | |
| fixed length control field | 230718s9999 xx 000 0 und d |
| 020 ## - INTERNATIONAL STANDARD BOOK NUMBER | |
| International Standard Book Number | 0-13-637992-3 |
| 041 ## - LANGUAGE CODE | |
| Language code of text/sound track or separate title | eng |
| 082 ## - DEWEY DECIMAL CLASSIFICATION NUMBER | |
| Classification number | 621.38 |
| Item number | COU |
| 100 ## - MAIN ENTRY--PERSONAL NAME | |
| Personal name | Coughlin R.F. |
| 9 (RLIN) | 149564 |
| 245 ## - TITLE STATEMENT | |
| Title | Operational Amplifiers And Linear Integrated Circuits |
| 260 ## - PUBLICATION, DISTRIBUTION, ETC. (IMPRINT) | |
| Date of publication, distribution, etc. | 1987 |
| Name of publisher, distributor, etc. | Prentice Hall Of India |
| 300 ## - PHYSICAL DESCRIPTION | |
| Extent | 453 |
| Accompanying material [OBSOLETE, CAN/MARC] | Ref 929 E (4018) |
| 365 ## - TRADE PRICE | |
| Currency code | Rs. |
| 500 ## - GENERAL NOTE | |
| Keywords | 929 E |
| 700 ## - ADDED ENTRY--PERSONAL NAME | |
| Personal name | Coughlin R.F. & Driscoll F.F. |
| 906 ## - LOCAL DATA ELEMENT F, LDF (RLIN) | |
| d | B:23-Dec-1994 |
| c | ETC |
| Withdrawn status | Lost status | Source of classification or shelving scheme | Reference No | Damaged status | Not for loan | Home library | Current library | Date acquired | Vendor | Budget Code | Full call number | Barcode | Date last seen | Bill Date | Koha item type | Original Barcode |
|---|---|---|---|---|---|---|---|---|---|---|---|---|---|---|---|---|
| Dewey Decimal Classification | Ref 929 E (4018) | Cummins College of Engineering for Women Pune | Cummins College of Engineering for Women Pune | 04/01/1995 | British Library | ETC | 621.38 | CCEP-BK-4018 | 18/07/2023 | 23/12/1994 | Books | 004018 |